| 000 | 00374 a2200157 4500 | ||
|---|---|---|---|
| 001 | 50246 | ||
| 020 | _a978019440181 | ||
| 040 | _cAnchieta - Bela Vista | ||
| 100 | _aWright, Craig | ||
| 240 | 1 | 0 |
_aYesterday, today, and tomorrow _leng |
| 245 | 1 | 0 | _aYesterday, today, and tomorrow |
| 300 | _a34 | ||
| 362 | 0 | _a2005 | |
| 650 | 4 | _aLiteratura juvenil em inglês | |
| 942 | _cBK | ||
| 999 |
_c50246 _d50246 |
||